000 00912nam a2200229 i 4500
001 71731
003 ES-MaACL
005 20251120063133.0
007 t|
008 040817s1902 sp ||||1| spa d
080 _a929 Colón, Cristóbal
100 1 _aGestoso y Pérez, José,
_d1852-1917
_956532
245 1 0 _aNuevos documentos colombinos /
_ccarta que dirige a la Excma. Sra. Duquesa Vda. de Berwick y de Alba, José Gestoso y Pérez.
260 _aSevilla :
_b[s.n.],
_c1902 (
_fOficina Tip. de La Andalucía Moderna)
300 _a32 p. ;
_c28 cm.
530 _aDisponible en formato digital.
600 1 4 _aColón, Cristóbal.
_939869
600 1 7 _aFalcó y Osorio, Rosario,
_cDuquesa de Berwick y de Alba,
_d1854-1904
_2
_9160713
852 _aES-MaACL
_jT-1066-F-6
856 _uhttp://bdh-rd.bne.es/viewer.vm?id=0000144555&page=1
_zBiblioteca Digital Hispánica
999 _c71731
_d71731